| 000 | 00559nmm a2200169Ia 4500 | ||
|---|---|---|---|
| 008 | 251105s9999||||xx |||||||||||||||||und|| | ||
| 020 | _a9788437099026 | ||
| 041 | _aspa | ||
| 100 | _aSánchez Muñoz, David | ||
| 245 | 0 | _aCómo catalogar obras de arte y otros objetos artísticos | |
| 264 |
_a[Madrid, España] : _bPublicaciones de la Universidad de Valencia (PUV), _c2019 |
||
| 300 | _a98 páginas | ||
| 490 | _aEducació. Laboratori de Materials | ||
| 650 | _aArts in general | ||
| 856 | _uhttps://public.digitaliapublishing.com/a/62625 | ||
| 942 | _cCF | ||
| 999 |
_c82710 _d82710 |
||